Responses for Show #1746 - Monday, March 16, 1992

Phil Yellman game 2.

Contestants

[<< previous game]

Mike Monahan, a telecommunications specialist from West Springfield, Massachusetts

Sue O'Neil, a child support specialist from Patterson, New Jersey

Phil Yellman, a word processor from Albuquerque, New Mexico (whose 1-day cash winnings total $15,000)

[next game >>]

Jeopardy! Round responses

FIRES
RODGERS & HAMMERSTEIN SONGS
HOLIDAYS & OBSERVANCES
VEGETABLES
& IN OTHER NEWS...
TOMORROW
    $100 1
O'Leary

Mike
    $100 2
your dream

Mike
    $100 8
a shamrock

Mike
    $100 16
celery

Mike
    $100 21
bison

Sue
    $100 26
Disneyland

Phil
    $200 4
Nero

Mike
    $200 3
tea

Phil
    $200 9
Christmas

Triple Stumper
    $200 17
tomatoes

Sue
    $200 22
(Mary) Hart

Phil
    $200 27
what you can do today

Mike
    $300 11
London

Sue
    $300 5
springtime

Mike
    $300 10
Mexico City

Phil
    $300 18
parsley

Phil
    $300 23
Charlie's Angels

Phil
    $300 28
Gone with the Wind

Phil
    $400 12
New York City

Mike
    $400 6
bustin' out all over

Sue
    $400 14
China

Sue
    $400 19
a pepper

Mike
    $400 24
Baker

Phil
    $400 29
maƱana

Phil
    $500 13
Moscow

Mike
    $500 7
singing

Mike
    $500 15
Germany

Sue
    $500 20
Romaine

Mike
    $500 25
(Phil: What is TV?)
(Sue: What is a computer?)

a cellular telephone

PhilSue
Triple Stumper
    $500 30
(Alex: Tomorrow was [*], that famous Abbott and Costello routine.)

the pitcher

Triple Stumper

Scores at the first commercial break (after clue 13):

Phil Sue Mike
$500 $700 $2,200

Scores at the end of the Jeopardy! Round:

Phil Sue Mike
$2,000 $1,400 $3,400

Double Jeopardy! Round responses

PITTSBURGH
NOVELS
HISTORY
FAMOUS SCIENTISTS
COLLEGES & UNIVERSITIES
THE BLUE & THE GRAY
    $200 23
Heinz

Mike
    $200 2
Cervantes

Phil
    $200 1
Florence

Mike
    $200 3
Pasteur

Phil
    $200 19
Reno

Mike
    $200 14
the Monitor

Phil
    $400 25
coal

Sue
    $400 8
Nordhoff & Hall

Triple Stumper
    $400 10
Cambodia

Phil
    $400 4
Darwin

Sue
    $400 20
Harvard

Mike
    $400 15
(Robert E.) Lee

Phil
    $600 26
(Phil: Who is Pitt?)
(Alex: Be more specific.)

(William) Pitt the Elder

Phil
    $600 9
Esmeralda

Sue
    $2,300 11
Worms

Phil
    $600 5
Fleming

Phil
    $600 21
Tuskegee

Sue
    $1,400 16
Gettysburg

Phil
    $800 27
Three Rivers Stadium

Phil
    $800 22
Ken Kesey

Phil
    $800 12
(Vitus) Bering

Sue
    $800 6
Bohr

Phil
    $800 29
(Sue: What is Harvard?)

Yale

SueMike
    $800 17
McClellan

Mike
    $1000 28
(Phil: What is video television, uh, telephone communication?)

video telephone communication

Phil
    $1000 24
Of Human Bondage

Sue
    $1000 13
(Roald) Amundsen

Phil
    $1000 7
(Carolus) Linnaeus

Mike
    $1000 30
(Phil: What is Whitehall?)

Westminster

Phil
Triple Stumper
    $1000 18
Virginia

Phil

Scores at the end of the Double Jeopardy! Round:

Phil Sue Mike
$12,700 $4,400 $7,000

[wagering suggestions for these scores]

Final Jeopardy! Round responses

FRANCE
(Alex: (To Phil) Nike, [*], you are correct.)
SueWhat is Marseilles?
$4,300
MikeWhat is Calais?
$7,000
PhilWhat is Nice?
$1,301
Nice

Final scores:

Phil Sue Mike
$14,001 $100 $0
2-day champion: $29,001 2nd place: trip on Delta & stay at Smugglers' Notch Ski Resort in Vermont 3rd place: Vivitar 320Z camera + Nintendo Entertainment System with Super Jeopardy! & Wheel of Fortune + InfoGenius for Game Boy

Game dynamics:

Coryat scores:

Phil Sue Mike
$10,200 $4,400 $7,000
24 R
(including 2 DDs),
2 W
12 R,
2 W
19 R
(including 1 DD),
0 W

Combined Coryat: $21,600

[game clues] [game scores] [suggest correction]

Game tape date: 1991-12-04
The J! Archive is created by fans, for fans. Scraping, republication, monetization, and malicious use prohibited; this site may use cookies and collect identifying information. See terms. The Jeopardy! game show and all elements thereof, including but not limited to copyright and trademark thereto, are the property of Jeopardy Productions, Inc. and are protected under law. This website is not affiliated with, sponsored by, or operated by Jeopardy Productions, Inc. Join the discussion at JBoard.tv.